Curious george ride a bike / (Record no. 2090)

MARC details
000 -LEADER
fixed length control field 00716nam a22002537a 4500
005 - DATE AND TIME OF LATEST TRANSACTION
control field 20240221132617.0
020 ## - INTERNATIONAL STANDARD BOOK NUMBER
International Standard Book Number 9780590020459
040 ## - CATALOGING SOURCE
Original cataloging agency FISKH
Language of cataloging eng
Transcribing agency FISKH
Modifying agency FISKH
050 ## - LIBRARY OF CONGRESS CALL NUMBER
Classification number PZ7.R33
082 ## - DEWEY DECIMAL CLASSIFICATION NUMBER
Classification number 813.52
100 ## - MAIN ENTRY--PERSONAL NAME
Personal name Rey, H. A
245 ## - TITLE STATEMENT
Title Curious george ride a bike /
Statement of responsibility, etc. by H. A. Rey
260 ## - PUBLICATION, DISTRIBUTION, ETC.
Place of publication, distribution, etc. New Yok :
Name of publisher, distributor, etc. Scholastic,
Date of publication, distribution, etc. 1952
300 ## - PHYSICAL DESCRIPTION
Extent 45 pages :
Dimensions 23 cm .
Other physical details color illustration ;
490 ## - SERIES STATEMENT
Volume/sequential designation Book 3
Series statement Curious George
505 ## - FORMATTED CONTENTS NOTE
Formatted contents note Q <br/>
520 ## - SUMMARY, ETC.
Summary, etc. George the monkey goes riding on his new bicyle and runs into unexpected adventure.
521 ## - TARGET AUDIENCE NOTE
Target audience note 660
Source Lexile
521 ## - TARGET AUDIENCE NOTE
Target audience note Q <br/>
Source Raz-Plus
650 ## - SUBJECT ADDED ENTRY--TOPICAL TERM
Topical term or geographic name entry element Monkey
Form subdivision fiction
650 ## - SUBJECT ADDED ENTRY--TOPICAL TERM
Topical term or geographic name entry element Bike
Form subdivision fiction
942 ## - ADDED ENTRY ELEMENTS (KOHA)
Source of classification or shelving scheme Dewey Decimal Classification
Koha item type Books
Suppress in OPAC No
999 ## -
-- 2090
-- 2090
Holdings
Withdrawn status Lost status Source of classification or shelving scheme Damaged status Not for loan Collection Home library Current library Shelving location Date acquired Total Checkouts Full call number Barcode Date last seen Price effective from Koha item type
    Dewey Decimal Classification     Juvenile Fiction Footprints International School Library Network Toul Kork Campus Footprints International School Library Network Toul Kork Campus   11/06/2023   REY 813.52 PZ7.R33 FISTK01522 11/06/2023 11/06/2023 Books